Le premier personnage à apparaître dans One Piece... - Statistiques

Statistiques générales
  • Ce quiz a été pris 104 fois
    96 depuis la dernière actualisation
  • Le résultat moyen est 14 sur 25
Statistiques - réponses
Le premier personnage à apparaître dans One Piece... Personnage % Correct
...qu'on a vu dans l'oeuvre (le tout premier) Gol D Roger
87%
...appartenant à l'espèce des Hommes-Poissons Arlong
86%
...qui est un Marine Morgan
77%
...avec un Fruit du Démon hormis Luffy Baggy
75%
...avec un Paramecia Luffy/Baggy
74%
...avec un Logia Smoker
72%
...ayant fait partie de l'équipage de Roger en dehors de Roger Shanks
71%
...avec le grade d'Amiral Aokiji
70%
...avec un D dans son nom Gol D Roger
68%
...à manier un sabre nommé Roronoa Zoro
68%
...qui a vaincu Luffy Crocodile/Portgas D.Ace
67%
...à avoir fait partie de l'équipage des Rocks Barbe-Blanche
65%
...qui utilise le haki Shanks/Satori
64%
...avec un Zoan mythique Marco
62%
...membre du Baroque Works Nefertari Vivi
62%
...qu'on voit sur Grand Line Laboon/Crocus
52%
...qui utilise le haki des rois Silvers Rayleigh
52%
...qui est un Commandant d'Empereur Marco
51%
...avec un Zoan antique X Drake
41%
...ayant le statut de Grand Corsaire Donquichotte Doflamingo
36%
...dont on a vu la prime (la première prime visible) Higuma
33%
...qui est un objet ayant mangé un Fruit du Démon Lassou
33%
...qui a eu un flashback en dehors de Luffy Shanks
32%
...avec un Zoan Dolton
28%
...qui a une prime de plus de 100 millions de berries Donquichotte Doflamingo
22%
Aucun quiz correspondant
Distribution des résultats
% des personnes avec chaque résultat
Percentile par nombre de réponses
Votre historique - résultats
Vous n’avez pas pris ce quiz depuis la dernière actualisation